Champions de Formule E - Statistiques

Statistiques générales
  • Ce quiz a été pris 10 fois
  • Le résultat moyen est 8 sur 11
Statistiques - réponses
Saison Pays Champion % Correct
2017-2018 France Jean-Éric Vergne
100%
2018-2019 France Jean-Éric Vergne
100%
2020-2021 Pays-Bas Nyck De Vries
89%
2021-2022 Belgique Stoffel Vandoorne
89%
2023-2024 Allemagne Pascal Wehrlein
78%
2019-2020 Portugal António Félix da Costa
67%
2014-2015 Brésil Nelsinho Piquet
67%
2015-2016 Suisse Sébastien Buemi
67%
2024-2025 Royaume-Uni Oliver Rowland
56%
2022-2023 Royaume-Uni Jake Dennis
44%
2016-2017 Brésil Lucas di Grassi
44%
Aucun quiz correspondant
Distribution des résultats
% des personnes avec chaque résultat
Percentile par nombre de réponses
Votre historique - résultats
Vous n’avez pas pris ce quiz